00306nam a22000977a 4500008004100000020001800041100002100059245006800080260005200148300000800200260530b |||||||| |||| 00| 0 eng d a9789381275078 aNagasampige, A V aOriginal Sanskrit Works of Modern Scholars from Karnataka State aBangalorebPoorna Prajna Samshodhan Trustc2011 a58p